LEADER 02890nam 2200589 450 001 9910583491603321 005 20230120002509.0 035 $a(CKB)3710000001009312 035 $a(MiAaPQ)EBC4776959 035 $a(EXLCZ)993710000001009312 100 $a20170116d2018uuuu |u- 0 101 0 $aeng 135 $aur|n#|||||||| 181 $ctxt$2rdacontent 181 $csti$2rdacontent 182 $cc$2rdamedia 183 $acr$2rdacarrier 200 10$aClinical orthopaedic rehabilitation $ea team approach /$f[edited by] Charles E. Giangarra and Robert C. Manske 205 $aFourth edition. 210 1$aPhiladelphia, PA :$cElsevier,$d[2018] 210 4$d©2018 215 $a1 online resource (xix, 618 pages) $cillustrations 311 $a0-323-39370-5 311 $a0-323-47789-5 320 $aIncludes bibliographical references. 327 $aHand and wrist injuries -- Rehabilitation after total elbow arthroplasty -- Shoulder injuries -- Foot and ankle injuries -- Knee injuries -- Hip injuries -- Spinal disorders -- Special topics. 330 $aEvidence suggests a direct correlation between the quality of postoperative orthopaedic rehabilitation and the effectiveness of the surgery. Clinical Orthopaedic Rehabilitation, 4th Edition, helps today's orthopaedic teams apply the most effective, evidence-based protocols for maximizing return to function following common sports injuries and post-surgical conditions. Charles Giangarra, MD and Robert Manske, PT continue the commitment to excellence established by Dr. S. Brent Brotzman in previous editions, bringing a fresh perspective to the team approach to rehabilitation. 606 $aOrthopedics 606 $aMusculoskeletal system$xDiseases$xRehabilitation 606 $aRehabilitation$xStandards 606 $aOrthopedic Procedures$xmethods$3(DNLM)D019637Q000379 606 $aMusculoskeletal Diseases$xrehabilitation$3(DNLM)D009140Q000534 606 $aMusculoskeletal System$xinjuries$3(DNLM)D009141Q000293 606 $aWounds and Injuries$xrehabilitation$3(DNLM)D014947Q000534 606 $aRehabilitation$xstandards$3(DNLM)D012046Q000592 606 $aEvidence-Based Medicine$xmethods$3(DNLM)D019317Q000379 615 0$aOrthopedics. 615 0$aMusculoskeletal system$xDiseases$xRehabilitation. 615 0$aRehabilitation$xStandards. 615 12$aOrthopedic Procedures$xmethods. 615 12$aMusculoskeletal Diseases$xrehabilitation. 615 22$aMusculoskeletal System$xinjuries. 615 22$aWounds and Injuries$xrehabilitation. 615 22$aRehabilitation$xstandards. 615 22$aEvidence-Based Medicine$xmethods. 676 $a616.7/06515 702 $aGiangarra$b Charles E. 702 $aManske$b Robert C. 906 $aBOOK 912 $a9910583491603321 996 $aClinical orthopaedic rehabilitation$92210135 997 $aUNINA LEADER 04730oam 2201045 c 450 001 9910336050803321 005 20260302090207.0 010 $a9783839447321 010 $a3839447321 024 7 $a10.14361/9783839447321 035 $a(CKB)4100000008167625 035 $a(DE-B1597)515719 035 $a(OCoLC)1100453567 035 $a(DE-B1597)9783839447321 035 $a(ScCtBLL)8ce9366b-082c-48b6-95e0-bc74b844f2ae 035 $a(MiAaPQ)EBC6637540 035 $a(Au-PeEL)EBL6637540 035 $a(transcript Verlag)9783839447321 035 $a(MiAaPQ)EBC6956058 035 $a(Au-PeEL)EBL6956058 035 $a(oapen)https://directory.doabooks.org/handle/20.500.12854/30084 035 $a(Perlego)1527826 035 $a(EXLCZ)994100000008167625 100 $a20260302d2019 uy 0 101 0 $ager 135 $aur||#---||||| 181 $ctxt$2rdacontent 182 $cc$2rdamedia 183 $acr$2rdacarrier 200 00$aRaum und Würde$eInterdisziplinäre Beiträge zum Verhältnis von Normativität und räumlicher Wirklichkeit. Städtebau ? Transitorte ? Hospize$fJoschka Haltaufderheide, Ina Otte, Philipp Weber 205 $a1st ed. 210 $aBielefeld$ctranscript Verlag$d2019 215 $a1 online resource (151 pages) $cillustrations; digital file(s) 225 0 $aEdition Kulturwissenschaft 300 $aAre the rooms in which we move the way they should be? Do they give those who reside in them the opportunity to shape their lives as they deserve? 311 08$a9783837647327 311 08$a3837647323 320 $aIncludes bibliographical references. 327 $aFrontmatter 1 Inhalt 5 Vorwort 7 Raum und Wu?rde - Ein interdisziplina?rer Dialog 9 Projektbeschreibung: Wu?rde im Stadtraum 27 »Das Leben in der Nordstadt findet auf der Straße statt« 41 Raumbeschreibungen - Auf der Suche nach Wu?rde im Raum 49 Menschenwu?rde und die vielen Rationalita?ten des Seins 65 Non-humiliating plans: a human rights approach 79 Projektbeschreibung: Hospiz als (letzter) Lebensraum 107 Orte des wu?rdigen Sterbens 115 Kulturelle Einflu?sse auf den Planungsprozess von Hospizen 127 Literatur 141 Autor/-innenverzeichnis 149 330 $aWie manifestiert sich der abstrakte und oftmals unterbestimmte Begriff der menschlichen Würde in konkreten räumlichen Konstellationen ? etwa öffentlichen Gebäuden oder in einem Hospiz?Die Beiträge des Bandes beleuchten interdisziplinär und dialogisch die unterschiedliche Auflösung dieses Spannungsverhältnisses zwischen Räumen und Würde. Dabei werden bewusst die formalen Schranken wissenschaftlichen Publizierens überwunden und in Form und Inhalt ein Publikum auch jenseits des universitären Umfeldes für den Themenbereich angesprochen. 330 1 $a»Das Buch regt dazu an, sich aus einer neuen Perspektive heraus mit Fragen der Migration und der sozialen Mischung in den Städten auseinander zu setzen.« 410 0$aEdition Kulturwissenschaft ;$v199. 517 2 $aHaltaufderheide et al. (Hg.), Raum und Würde$eInterdisziplinäre Beiträge zum Verhältnis von Normativität und räumlicher Wirklichkeit. Städtebau ? Transitorte ? Hospize 606 $aEthik 606 $aEthics 606 $aWürde 606 $aDignity 606 $aRaum 606 $aSpace 606 $aStadtbauplanung 606 $aUrban Planning 606 $aHospiz 606 $aDortmund 606 $aRacism 606 $aRassismus 606 $aKultur 606 $aCulture 606 $aKulturtheorie 606 $aCultural Theory 606 $aKulturwissenschaft 606 $aCultural Studies 615 4$aEthik 615 4$aEthics 615 4$aWürde 615 4$aDignity 615 4$aRaum 615 4$aSpace 615 4$aStadtbauplanung 615 4$aUrban Planning 615 4$aHospiz 615 4$aDortmund 615 4$aRacism 615 4$aRassismus 615 4$aKultur 615 4$aCulture 615 4$aKulturtheorie 615 4$aCultural Theory 615 4$aKulturwissenschaft 615 4$aCultural Studies 676 $a307.760943 702 $aHaltaufderheide$b Joschka$p

Joschka Haltaufderheide, Ruhr-Universität Bochum, Deutschland

$4edt 702 $aOtte$b Ina$p

Ina Otte, Ruhr-Universität Bochum, Deutschland

$4edt 702 $aWeber$b Philipp$p

Philipp Weber, Ruhr-Universität Bochum, Deutschland

$4edt 712 02$aOGeSoMo$4fnd$4http://id.loc.gov/vocabulary/relators/fnd 801 0$bDE-B1597 801 1$bDE-B1597 906 $aBOOK 912 $a9910336050803321 996 $aRaum und Würde$92076170 997 $aUNINA